Menjadi pengurus diri efektif /

Bibliographic Details
Main Author: Robiah Kulop Hamzah
Format: Book
Published: Selangor: PTS Millennia sdn bhd, 2006.
Subjects:
LEADER 00639cam a2200205 7i4500
001 0000019850
005 20151104090000.0
005 ##20151104122700.0
003 ##MY-KlINT
020 # # |a 9833603149  
039 # 9 |y 201511041227  |z VLOAD 
090 0 0 |a 646.700835   |b ROB 
100 1 # |a Robiah Kulop Hamzah 
245 1 0 |a Menjadi pengurus diri efektif /   |c Robiah Kulop Hamzah. 
260 # # |a Selangor:   |b PTS Millennia sdn bhd,   |c 2006. 
300 # # |a xv,157p.;   |c 19cm. 
500 # # |a Includes bibliographical references 
650 # 0 |a Teenagers --   |x Conduct of life  
650 # 0 |a Teenagers --   |x Social life and customs  
650 # 0 |a Etiquette for children and teenagers